Cases in leadership (Record no. 124882)

MARC details
000 -LEADER
fixed length control field 00488nam a2200181Ia 4500
008 - FIXED-LENGTH DATA ELEMENTS--GENERAL INFORMATION
fixed length control field 191130s2007##################000#0#eng##
020 ## - INTERNATIONAL STANDARD BOOK NUMBER
ISBN 9788178299167
082 ## - DEWEY DECIMAL CLASSIFICATION NUMBER
Classification number 658.4092 ROW
100 ## - MAIN ENTRY--AUTHOR NAME
Personal name Rowe, Glenn W
245 ## - TITLE STATEMENT
Title Cases in leadership
Statement of responsibility, etc W.Glenn Rowe
260 ## - PUBLICATION, DISTRIBUTION, ETC. (IMPRINT)
Place of publication Thousand Oaks, CA
Name of publisher SAGE Publications
Year of publication 2007
300 ## - PHYSICAL DESCRIPTION
Number of Pages x, 421 p. ;25 cm
650 ## - SUBJECT ADDED ENTRY--TOPICAL TERM
Topical Term Management
991 ## -
-- 125327
Holdings
Withdrawn status Lost status Damaged status Not for loan Home library Current library Shelving location Date acquired Full call number Accession Number Price effective from Koha item type
        Anna Centenary Library Anna Centenary Library 6TH FLOOR, B WING 12.10.2020 658.4092 ROW 161464 12.10.2020 English Books

Find us on the map